|
|
|
|
| LEADER |
00000nam0a2200000 4500 |
| 001 |
308911 |
| 005 |
20231102002134.0 |
| 035 |
|
|
|a (RuTPU)RU\TPU\book\334232
|
| 090 |
|
|
|a 308911
|
| 100 |
|
|
|a 20151109d1981 k y0rusy50 ca
|
| 101 |
1 |
|
|a rus
|c eng
|
| 102 |
|
|
|a RU
|
| 105 |
|
|
|a a z 001zy
|
| 200 |
1 |
|
|a Полупростые алгебры Ли
|e пер. с англ.
|f М. Гото, Ф. Гроссханс
|
| 210 |
|
|
|a Москва
|c Мир
|d 1981
|
| 215 |
|
|
|a 336 с.
|c ил.
|
| 320 |
|
|
|a Библиогр.: с. 330-331
|
| 320 |
|
|
|a Предметно-именной указатель: с. 332-334
|
| 606 |
1 |
|
|a Алгебры Ли
|x (алгебра)
|2 stltpush
|3 (RuTPU)RU\TPU\subj\65877
|9 82226
|
| 610 |
1 |
|
|a основные понятия
|
| 610 |
1 |
|
|a полупростые алгебры
|
| 610 |
1 |
|
|a когомологии
|
| 610 |
1 |
|
|a линейные группы
|
| 610 |
1 |
|
|a классические группы
|
| 610 |
1 |
|
|a линейные операторы
|
| 610 |
1 |
|
|a классификация
|
| 675 |
|
|
|a 512.81
|v 4
|
| 700 |
|
1 |
|a Гото
|b М.
|g Морикуни
|
| 701 |
|
1 |
|a Гроссханс
|b Ф.
|g Фрэнк
|
| 801 |
|
1 |
|a RU
|b 63413507
|c 20151109
|
| 801 |
|
2 |
|a RU
|b 63413507
|c 20191021
|g RCR
|
| 942 |
|
|
|c BK
|